000 01361nam a2200373 i 4500
001 195973
003 ES-MaACL
005 20250414063101.0
008 240804s2001 sp 000 0 spa d
017 _aM 53562-2001
020 _a8480143665
024 8 _aNIPO 311-01-075-6
035 _aCSIC000965271
035 _a(ES-MaCSI)000965271MAD01-Aleph
035 _a(OCoLC)433282979
035 _a990009652710204201
040 _aES-MaCSI
_bspa
_cES-MaACL
080 _a630*9
100 _aCalvo Sánchez, Luis
_9237833
_eaut
245 1 3 _aLa génesis histórica de los montes catalogados de utilidad pública (1855-1901) /
_cLuis Calvo Sánchez.
260 _aMadrid :
_bOrganismo Autónomo Parques Nacionales,
_c2001.
300 _a427 p. :
_c24 cm.
336 _2rdacontent
_atexto
337 _2rdamedia
_asin mediación
338 _2rdacarrier
_avolumen
650 0 _aPolítica forestal
_2CSICAU
_9237834
710 0 _aOrganismo Autónomo Parques Nacionales (España)
_96053
852 _aES-MaACL
_bR.154444
_cDEPOJ
_jN-9105
_hDonación: María Pelles
_xEncuadernación cartoné con sobrecubierta
_9205004
903 _aPelles, María
_ednr
942 _cMONOGRAFIA
_n0
999 _c195973
_d195973